Analýza trhu práce – teoretické východiská

Príspevok popisuje teoretické východiská, ktoré by pri analýze trhu práce nemali byť opomenuté.

Salvato in:
Dettagli Bibliografici
Autore principale: Lukáčik, Martin, 1974-
Natura: Capitolo di libro
Lingua:slovacco
Soggetti:
Tags: Aggiungi Tag
Nessun Tag, puoi essere il primo ad aggiungerne!!

MARC

LEADER 00000nla a2200000 4500
001 0209419
005 20240502073459.4
041 0 |a slo 
044 |a SK 
245 1 0 |a Analýza trhu práce – teoretické východiská  |c Martin Lukáčik 
520 |a Príspevok popisuje teoretické východiská, ktoré by pri analýze trhu práce nemali byť opomenuté. 
610 2 0 |a trh práce 
610 2 0 |a zamestnanci 
610 2 0 |a zamestnávatelia 
610 2 0 |a dopyt po práci 
610 2 0 |a ponuka práce 
610 2 0 |a mzdy 
610 2 0 |a regulácia 
610 2 0 |a odbory 
100 1 |a Lukáčik, Martin, 1974-